00358nam a2200121Ia 4500008004100000245002000041260000900061300003100070440002400101650002000125999001900145952007200164180117s9999 xx 000 0 und d aLost in Malolos c2017 a6-9 pages, 2017 February 5 aPhilippine Panorama aLOST IN MALOLOS c353460d353460 001040aCLbCLd2018-01-17l0r2018-01-17 00:00:00w2018-01-17ySE